Football : Liste Belgique Coupe du monde 2026 - Statistiques

Statistiques générales
  • Ce quiz a été pris 21 fois
  • Le résultat moyen est 23 sur 27
Statistiques - réponses
Club Joueur % Correct
Girona Axel Witsel
100%
Manchester City Jérémy Doku
100%
Napoli Romelu Lukaku
100%
Real Madrid Thibault Courtois
100%
Strasbourg Diego Moreira
94%
Arsenal Leandro Trossard
94%
Sélectioneur Rudi Garcia
94%
LOSC Thomas Meunier
94%
Francfort Arthur Theate
89%
Club Bruges Hans Vanaken
89%
Napoli Kevin De Bruyne
89%
Strasbourg Mike Penders
89%
Manchester United Senne Lammens
89%
Aston Villa Youri Tielemans
89%
Aston Villa Amadou Onana
83%
Fulham Timothy Castagne
83%
Sporting Zeno Debast
83%
Atalanta Charles De Ketelaere
78%
Benfica Dodi Lukébakio
78%
LOSC Matias Fernandez-Pardo
78%
Brighton Maxim De Cuyper
78%
Rangers Nicolas Raskin
78%
Club Bruges Joaquin Seys
72%
LOSC Nathan Ngoy
72%
Club Bruges Brandon Mechele
67%
Milan AC Koni De Winter
67%
Milan AC Alexis Saelemaekers
61%
Aucun quiz correspondant
Distribution des résultats
% des personnes avec chaque résultat
Percentile par nombre de réponses
Votre historique - résultats
Vous n’avez pas pris ce quiz